000 00711nam a22002297a 4500
005 20170124110103.0
010 _aA-996568
020 _c00.00
_a818570113
035 _aA-996568
037 _bCen Lib/Ret
040 _aDPL
_bEN
082 _a658.8
_bKAP
100 _aKapur, S.K.
_927565
245 _aMarketing management : in the indian context
_cby S.K. Kapur
_bTheory process and practice /
260 _aNew Delhi
_bS.K. Publishers
_c1997
270 _aNew Delhi
_bNew Delhi
300 _a387p. :
_c19cm(Hb)
_bill.
500 _aIncludes bibliographical reference and index
650 _aMarketing
_96818
650 _aMarketing--Management
_921514
942 _2ddc
_cEN
_h658.8
_mKAP
999 _c129846
_d129846